| 000 | 00888nam a2200217Ia 4500 | ||
|---|---|---|---|
| 003 | GCL | ||
| 005 | 20240530110933.0 | ||
| 008 | 140319s9999 xx 000 0 ara d | ||
| 040 |
_aGCL / _cGCL |
||
| 082 | 0 | 4 |
_221 _a413.1\ _bم م |
| 100 | 0 | _aمحمد بن الزبير | |
| 245 | 1 | 0 |
_aموسوعة السلطان قابوس لاسماء العرب : معجم اسماء العرب / _cاشراف محمد بن الزبير ؛ الهيئة العامية السعيد محمد بدوى ، على الدين هلال ، فاروق شوشة ، محمود فهمى حجازى |
| 260 |
_aبيروت : _bمكتبة لبنان ، _c1991 |
||
| 300 |
_a2 مج. ؛ _c24 سم. |
||
| 650 | 0 | 4 | _aاعلام العرب |
| 650 | 0 | 4 | _aسلطنة عمان |
| 650 | 0 | 4 | _aالحضارة الاسلامية |
| 650 | 0 | 4 | _aالسلطان قابوس |
| 650 | 0 | 4 | _aاعلام عمان |
| 942 |
_2ddc _cBK |
||
| 999 |
_c66696 _d66696 |
||